[Event "CZE-chT2B 1920"]
[Site "Czech Republic"]
[Date "2020.01.12"]
[Round "6.4"]
[White "Cako, Laszlo"]
[Black "Pokrupa, Marek"]
[Result "0-1"]
[WhiteElo "2073"]
[BlackElo "2169"]
[PlyCount "94"]
[EventDate "2019.10.13"]
[EventType "team-tourn"]
[EventRounds "11"]
[EventCountry "CZE"]
[SourceTitle "EXT 2024"]
[Source "ChessBase"]
[SourceDate "2023.10.10"]
[SourceVersion "1"]
[SourceVersionDate "2023.10.10"]
[SourceQuality "1"]
[WhiteTeam "Udlice"]
[BlackTeam "Kolesovice Cesky Lev"]
[WhiteTeamCountry "CZE"]
[BlackTeamCountry "CZE"]

1. e4 c5 2. Nf3 Nc6 3. d4 cxd4 4. Nxd4 g6 5. Nc3 Bg7 6. Be3 Nf6 7. Be2 0-0 8. 0-0 d5 9. Nxc6 bxc6 10. e5 Nd7 11. f4 e6 12. Na4 Qe7 13. c4 Rd8 14. Rc1 d4 15. Qxd4 Nxe5 16. Qc5 Qxc5 17. Nxc5 Nd7 18. Rfd1 Bf6 19. Bf3 Nxc5 20. Rxd8+ Bxd8 21. Bxc5 Bd7 22. Rd1 Be8 23. Bxa7 Bc7 24. Bc5 Bxf4 25. b4 f5 26. g3 Bg5 27. b5 Kf7 28. b6 Be7 29. Bxe7 Kxe7 30. Rd2 e5 31. Kf2 e4 32. Bd1 c5 33. a4 Bc6 34. Rb2 Kd6 35. a5 Bb7 36. Rd2+ Ke6 37. Ra2 Ke5 38. Rd2 Ke6 39. Ba4 Rxa5 40. Bb5 g5 41. Rd8 f4 42. gxf4 gxf4 43. Rb8 e3+ 44. Ke2 Ra2+ 45. Kd3 Ra3+ 46. Kc2 Be4+ 47. Kb2 Ra8 0-1

[Event "Groningen op-A 48th"]
[Site "Groningen"]
[Date "2011.12.28"]
[Round "7"]
[White "Cako, Laszlo"]
[Black "Van Assendelft, Floris"]
[Result "0-1"]
[WhiteElo "2111"]
[BlackElo "2357"]
[PlyCount "102"]
[EventDate "2011.12.21"]
[EventType "swiss"]
[EventRounds "9"]
[EventCountry "NED"]
[SourceTitle "CBM 146 Extra"]
[Source "ChessBase"]
[SourceDate "2012.02.29"]
[SourceVersion "1"]
[SourceVersionDate "2012.02.29"]
[SourceQuality "1"]

1. e4 c5 2. Nf3 Nc6 3. d4 cxd4 4. Nxd4 e5 5. Nb5 a6 6. Nd6+ Bxd6 7. Qxd6 Qf6 8. Qxf6 Nxf6 9. Bd3 d5 10. exd5 Nxd5 11. c3 Be6 12. Nd2 0-0-0 13. Bc4 Na5 14. 0-0 Nxc4 15. Nxc4 f6 16. Ne3 Nf4 17. Re1 Nd3 18. Rd1 Nxc1 19. Rdxc1 Rd2 20. b3 Rhd8 21. Rd1 a5 22. Kf1 a4 23. Rxd2 Rxd2 24. bxa4 Rxa2 25. Rxa2 Bxa2 26. Nf5 g6 27. Nd6+ Kd7 28. Ne4 Ke7 29. g3 Bd5 30. Nd2 Kd6 31. Ke2 Bc6 32. a5 Kc5 33. Kd3 Kb5 34. f4 exf4 35. gxf4 Kxa5 36. Kd4 Ka4 37. Nc4 Kb3 38. Ne3 Bf3 39. c4 Kb4 40. Nc2+ Ka4 41. Kc5 g5 42. Nd4 g4 43. Nf5 h5 44. Kd4 Kb4 45. Nd6 h4 46. Nf5 g3 47. hxg3 h3 48. g4 h2 49. Ng3 h1Q 50. Nxh1 Bxh1 51. f5 Bf3 0-1

[Event "Groningen op-A"]
[Site "Groningen"]
[Date "2009.12.30"]
[Round "9"]
[White "Van Herwaarden, Arjen"]
[Black "Cako, Laszlo"]
[Result "1-0"]
[WhiteElo "2162"]
[BlackElo "2155"]
[PlyCount "51"]
[EventDate "2009.12.21"]
[EventType "swiss"]
[EventRounds "9"]
[EventCountry "NED"]
[SourceTitle "CBM 134 Extra"]
[Source "ChessBase"]
[SourceDate "2010.03.03"]
[SourceVersion "1"]
[SourceVersionDate "2010.03.03"]
[SourceQuality "1"]

1. a3 e5 2. e3 g6 3. d4 exd4 4. exd4 Bg7 5. Nc3 d5 6. Bf4 Ne7 7. Qd2 c6 8. Nf3 Bg4 9. Ne5 Be6 10. h4 h5 11. Be2 Nd7 12. Nxd7 Qxd7 13. Nd1 Nf5 14. c3 b6 15. Ne3 Nd6 16. f3 a5 17. a4 Bf6 18. Bd3 Kf8 19. Qf2 Re8 20. 0-0 Kg7 21. Be5 Re7 22. g4 Ne8 23. g5 Bxe5 24. dxe5 d4 25. cxd4 Qxd4 26. Nf5+ 1-0

[Event "Groningen op-A"]
[Site "Groningen"]
[Date "2009.12.29"]
[Round "8"]
[White "Cako, Laszlo"]
[Black "Warmelink, Evie"]
[Result "0-1"]
[WhiteElo "2155"]
[BlackElo "1970"]
[PlyCount "60"]
[EventDate "2009.12.21"]
[EventType "swiss"]
[EventRounds "9"]
[EventCountry "NED"]
[SourceTitle "CBM 134 Extra"]
[Source "ChessBase"]
[SourceDate "2010.03.03"]
[SourceVersion "1"]
[SourceVersionDate "2010.03.03"]
[SourceQuality "1"]

1. e4 c5 2. Nf3 d6 3. d4 cxd4 4. Nxd4 Nf6 5. Nc3 e6 6. Be3 Be7 7. Bc4 a6 8. Bb3 Nc6 9. Qe2 Qc7 10. 0-0-0 0-0 11. g4 b5 12. g5 Nd7 13. Rhg1 Nc5 14. Nxc6 Qxc6 15. Bd4 b4 16. Bd5 exd5 17. Nxd5 Re8 18. Qh5 Ne6 19. Bxg7 Kxg7 20. Qh6+ Kh8 21. Rd3 Bf8 22. Qh4 Bg7 23. Nf6 Nf8 24. g6 fxg6 25. Rxg6 Re7 26. Nxh7 Nxg6 27. Qh5 Bg4 28. Qxg4 Kxh7 29. Rh3+ Kg8 30. Qxg6 Qc4 0-1

[Event "Groningen op-A"]
[Site "Groningen"]
[Date "2009.12.24"]
[Round "4"]
[White "Cako, Laszlo"]
[Black "Kantans, Toms"]
[Result "0-1"]
[WhiteElo "2155"]
[BlackElo "2281"]
[PlyCount "64"]
[EventDate "2009.12.21"]
[EventType "swiss"]
[EventRounds "9"]
[EventCountry "NED"]
[SourceTitle "CBM 134 Extra"]
[Source "ChessBase"]
[SourceDate "2010.03.03"]
[SourceVersion "1"]
[SourceVersionDate "2010.03.03"]
[SourceQuality "1"]

1. e4 d5 2. exd5 Qxd5 3. Nc3 Qd6 4. d4 Nf6 5. Bc4 a6 6. Nge2 Bg4 7. f3 Bf5 8. Bf4 Qd7 9. Ng3 Bg6 10. Nce4 Nxe4 11. fxe4 h5 12. Qd3 e6 13. 0-0-0 Bd6 14. Ne2 Nc6 15. Qe3 Na5 16. Bd3 Qa4 17. Kb1 0-0-0 18. Rhf1 Nc6 19. c3 e5 20. dxe5 Bxe5 21. Bc2 Qa5 22. Nd4 Bxd4 23. cxd4 Nb4 24. Qb3 Nxc2 25. Qxc2 Rhe8 26. Rfe1 c6 27. Bg3 Qg5 28. d5 Qg4 29. Rd4 h4 30. dxc6 hxg3 31. cxb7+ Kb8 32. Rc1 Bxe4 0-1

[Event "Groningen op-A"]
[Site "Groningen"]
[Date "2009.12.22"]
[Round "2"]
[White "Thompson, Ian D"]
[Black "Cako, Laszlo"]
[Result "0-1"]
[WhiteElo "2266"]
[BlackElo "2155"]
[PlyCount "90"]
[EventDate "2009.12.21"]
[EventType "swiss"]
[EventRounds "9"]
[EventCountry "NED"]
[SourceTitle "CBM 134 Extra"]
[Source "ChessBase"]
[SourceDate "2010.03.03"]
[SourceVersion "1"]
[SourceVersionDate "2010.03.03"]
[SourceQuality "1"]

1. c4 Nf6 2. Nc3 e6 3. e4 d5 4. e5 d4 5. exf6 dxc3 6. bxc3 Qxf6 7. Nf3 e5 8. Bd3 Bd6 9. 0-0 0-0 10. Be4 Nd7 11. d4 c6 12. Re1 h6 13. Qc2 c5 14. Be3 Rb8 15. Rad1 b6 16. Bc1 exd4 17. cxd4 cxd4 18. Nxd4 Nc5 19. Bh7+ Kh8 20. Nb5 Qf4 21. Bb2 Qg5 22. Rd4 Bb7 23. g3 Rbe8 24. Rf1 Be5 25. Bc1 Qh5 26. Rd5 Bxd5 27. cxd5 f5 28. f4 Bb8 29. Rf2 Kxh7 30. Bb2 Re1+ 31. Kg2 Ne4 32. Rf3 Re8 33. Nd4 Bd6 34. Ne6 Bc5 35. Bd4 Rxe6 36. Bxc5 Nxc5 37. dxe6 Nxe6 38. Qd2 Re4 39. Rf2 Nd4 40. Qc3 Qd1 41. Qc8 Re2 42. Rxe2 Qxe2+ 43. Kh3 Qf1+ 44. Kh4 Nf3+ 45. Kh5 g6# 0-1

[Event "Hoogeveen Unive op"]
[Site "Hoogeveen"]
[Date "2009.10.21"]
[Round "6"]
[White "Lagrotteria, Salvatore"]
[Black "Cako, Laszlo"]
[Result "1-0"]
[WhiteElo "2221"]
[BlackElo "2159"]
[PlyCount "133"]
[EventDate "2009.10.16"]
[EventType "swiss"]
[EventRounds "9"]
[EventCountry "NED"]
[SourceTitle "CBM 132 Extra"]
[Source "ChessBase"]
[SourceDate "2009.11.03"]
[SourceVersion "1"]
[SourceVersionDate "2009.11.03"]
[SourceQuality "1"]

1. d4 Nf6 2. c4 e6 3. Nf3 b6 4. g3 Ba6 5. b3 Bb4+ 6. Bd2 Be7 7. Bg2 c6 8. Bc3 d5 9. Ne5 Nfd7 10. Nxd7 Nxd7 11. Nd2 Rc8 12. 0-0 0-0 13. e4 b5 14. Re1 bxc4 15. bxc4 dxc4 16. f4 Rb8 17. Qa4 Bb5 18. Qc2 Qc7 19. Bf1 c5 20. d5 exd5 21. exd5 Nb6 22. Be5 Bd6 23. Bg2 Rfe8 24. a4 c3 25. Nf3 Bd7 26. a5 Nc8 27. Ng5 g6 28. Qxc3 c4 29. Bh8 Bf8 30. Rxe8 Bxe8 31. Be5 Qc5+ 32. Bd4 Qb4 33. Ne4 Be7 34. Re1 Bd7 35. Nf6+ Bxf6 36. Bxf6 Qxc3 37. Bxc3 Rb3 38. Rc1 Bb5 39. Be5 Rd3 40. Rb1 a6 41. Rc1 Kf8 42. Be4 Rd2 43. Bc3 Ra2 44. Re1 f5 45. Bb1 Ra4 46. h3 Kf7 47. g4 fxg4 48. hxg4 Ra3 49. Rc1 Bd7 50. g5 Ne7 51. Be4 Nf5 52. Bb4 Ra4 53. Rxc4 Nd6 54. Rc7 Ke8 55. Bxd6 Rxe4 56. Be5 Ra4 57. Ra7 Rxa5 58. Ra8+ Kf7 59. d6 Bf5 60. Ra7+ Ke8 61. Re7+ Kd8 62. Rxh7 Ra2 63. Rf7 Rd2 64. Ra7 Ra2 65. Bf6+ Ke8 66. Re7+ Kf8 67. d7 1-0

[Event "Groningen op-A"]
[Site "Groningen"]
[Date "2008.12.26"]
[Round "5"]
[White "Heredia Serrano, Carla Sofia"]
[Black "Cako, Laszlo"]
[Result "0-1"]
[WhiteElo "2105"]
[BlackElo "2233"]
[PlyCount "100"]
[EventDate "2008.12.21"]
[EventType "swiss"]
[EventRounds "9"]
[EventCountry "NED"]
[SourceTitle "CBM 127 Extra"]
[Source "ChessBase"]
[SourceDate "2009.01.08"]
[SourceVersion "2"]
[SourceVersionDate "2009.01.28"]
[SourceQuality "1"]

1. e4 e5 2. Nf3 Nc6 3. d4 exd4 4. Bc4 Nf6 5. 0-0 Bc5 6. c3 dxc3 7. e5 d5 8. exf6 dxc4 9. fxg7 Rg8 10. Qxd8+ Nxd8 11. Nxc3 Rxg7 12. Nd5 Bd6 13. Bg5 Ne6 14. Nf6+ Ke7 15. Bh4 Kf8 16. Rfe1 b5 17. Ng5 Rg6 18. Rad1 Bb7 19. Nxe6+ fxe6 20. Nxh7+ Kg7 21. Ng5 Bd5 22. Ne4 Be5 23. Rd2 Rg4 24. Bg3 Bxg3 25. Nxg3 a5 26. f3 Rg6 27. Nh5+ Kf7 28. Nf4 Rg5 29. h4 Rf5 30. Nxd5 Rxd5 31. Rde2 Ra6 32. g4 Rad6 33. Kf2 a4 34. Kg3 Rd2 35. h5 b4 36. g5 c5 37. g6+ Kf6 38. Re4 R2d4 39. Rh1 Rd7 40. Rhe1 Rxe4 41. Rxe4 Rd4 42. Kf4 b3 43. axb3 cxb3 44. Ke3 Rxe4+ 45. fxe4 a3 46. e5+ Kg7 47. Kf4 axb2 48. Kg5 b1Q 49. h6+ Kg8 50. Kf6 Qf5+ 0-1

[Event "Groningen op-A"]
[Site "Groningen"]
[Date "2008.12.22"]
[Round "2"]
[White "Cako, Laszlo"]
[Black "Haast, Anne"]
[Result "0-1"]
[WhiteElo "2233"]
[BlackElo "2054"]
[PlyCount "64"]
[EventDate "2008.12.21"]
[EventType "swiss"]
[EventRounds "9"]
[EventCountry "NED"]
[SourceTitle "CBM 127 Extra"]
[Source "ChessBase"]
[SourceDate "2009.01.08"]
[SourceVersion "2"]
[SourceVersionDate "2009.01.28"]
[SourceQuality "1"]

1. e4 e5 2. Nf3 Nc6 3. Bb5 a6 4. Ba4 Nf6 5. d4 exd4 6. 0-0 Be7 7. Re1 b5 8. e5 Nxe5 9. Nxe5 bxa4 10. Qxd4 0-0 11. Bg5 Rb8 12. Nd2 h6 13. Bh4 c5 14. Qd3 Rb6 15. Ndc4 Re6 16. f4 Ng4 17. Bg3 Nxe5 18. fxe5 Bb7 19. Rad1 Bc6 20. Re2 f5 21. Rf2 g6 22. Ne3 Bg5 23. Nd5 Bxd5 24. Qxd5 Be3 25. Kh1 Bxf2 26. Bxf2 Qc7 27. Bxc5 Rc8 28. Be3 Qc6 29. Qd4 Qb5 30. c3 Rce8 31. Qa7 R6e7 32. Bd4 d6 0-1

[Event "Hoogeveen Essent op"]
[Site "Hoogeveen"]
[Date "2008.10.21"]
[Round "5"]
[White "Ulybin, Mikhail"]
[Black "Cako, Laszlo"]
[Result "1-0"]
[WhiteElo "2521"]
[BlackElo "2233"]
[PlyCount "147"]
[EventDate "2008.10.17"]
[EventType "swiss"]
[EventRounds "9"]
[EventCountry "NED"]
[SourceTitle "CBM 126 Extra"]
[Source "ChessBase"]
[SourceDate "2008.11.05"]
[SourceVersion "1"]
[SourceVersionDate "2008.11.05"]
[SourceQuality "1"]

1. c4 Nf6 2. g3 e6 3. Bg2 d5 4. Nf3 Be7 5. d4 c6 6. 0-0 b6 7. Nc3 Ba6 8. b3 Nbd7 9. Qd3 Rc8 10. Rd1 0-0 11. e4 c5 12. exd5 exd5 13. dxc5 dxc4 14. bxc4 Bxc5 15. Nb5 Ng4 16. Qxd7 Nxf2 17. Qxd8 Nxd1+ 18. Qd4 Bxb5 19. cxb5 Rfd8 20. Qxc5 Rxc5 21. Bf1 Nc3 22. Bg5 Rd1 23. Rxd1 Nxd1 24. Bf4 Rc2 25. Ne5 Rxa2 26. Nxf7 Nc3 27. Bc4 Ra4 28. Nd6+ Kh8 29. Nf7+ Kg8 30. Nd6+ Kh8 31. Kg2 Ne4 32. Nf7+ Kg8 33. Nd6+ Kh8 34. Nf7+ Kg8 35. Ne5+ Kh8 36. Kf3 Nd6 37. Nf7+ Nxf7 38. Bxf7 a6 39. bxa6 Rxa6 40. h4 b5 41. Ke4 b4 42. Kd4 Rb6 43. Kc5 Rb7 44. Bd5 Rd7 45. Bd6 h6 46. Kc6 Ra7 47. Bxb4 Ra4 48. Bd6 Ra7 49. Be5 Ra6+ 50. Kd7 Ra5 51. Ke6 Ra7 52. Be4 Kg8 53. Bg6 Rb7 54. Bd6 Ra7 55. Be8 Rb7 56. Bd7 Ra7 57. Ke7 Rb7 58. Ke8 Rb6 59. Be6+ Kh8 60. Ke7 Ra6 61. g4 Ra7+ 62. Bd7 Kg8 63. Bc5 Rb7 64. Bd4 Rc7 65. Ke8 Rb7 66. Be6+ Kh8 67. Bc5 Rc7 68. Bd4 Rb7 69. Kf8 Rc7 70. h5 Rb7 71. g5 Rb8+ 72. Kf7 Rb7+ 73. Kg6 Rb5 74. Bxg7# 1-0

[Event "Nyiregyhaza op"]
[Site "Nyiregyhaza"]
[Date "2008.07.26"]
[Round "6"]
[White "Cako, Laszlo"]
[Black "Csuri, Laszlo"]
[Result "1-0"]
[WhiteElo "2235"]
[BlackElo "2087"]
[PlyCount "75"]
[EventDate "2008.07.23"]
[EventType "swiss"]
[EventRounds "7"]
[EventCountry "HUN"]
[SourceTitle "EXT 2009"]
[Source "ChessBase"]
[SourceDate "2008.11.26"]
[SourceVersion "1"]
[SourceVersionDate "2008.11.26"]
[SourceQuality "1"]

1. e4 d5 2. exd5 Qxd5 3. Nc3 Qa5 4. d4 c6 5. Bc4 Nf6 6. Bd2 Qb6 7. Nge2 Bf5 8. a4 e6 9. a5 Qd8 10. 0-0 Bd6 11. Bf4 0-0 12. Bg3 Bc7 13. Bxc7 Qxc7 14. Ng3 Bg6 15. Qe2 Nd5 16. Nce4 Nd7 17. Ra3 N7f6 18. c3 Nxe4 19. Nxe4 Bxe4 20. Qxe4 Nf6 21. Qh4 c5 22. dxc5 Qxc5 23. Be2 Rad8 24. Bf3 Rd2 25. Rb3 Qxa5 26. Rxb7 Rfd8 27. Qf4 e5 28. Qe3 e4 29. Bxe4 Rd1 30. g3 Rxf1+ 31. Kxf1 Nxe4 32. Qxe4 g6 33. Kg2 a6 34. b4 Qa2 35. c4 Rc8 36. c5 h5 37. Ra7 Qa4 38. Ra8 1-0

[Event "Nyiregyhaza op"]
[Site "Nyiregyhaza"]
[Date "2008.07.23"]
[Round "1"]
[White "Varga, Mihaly"]
[Black "Cako, Laszlo"]
[Result "0-1"]
[WhiteElo "1815"]
[BlackElo "2235"]
[PlyCount "54"]
[EventDate "2008.07.23"]
[EventType "swiss"]
[EventRounds "7"]
[EventCountry "HUN"]
[SourceTitle "EXT 2009"]
[Source "ChessBase"]
[SourceDate "2008.11.26"]
[SourceVersion "1"]
[SourceVersionDate "2008.11.26"]
[SourceQuality "1"]

1. d4 Nf6 2. c4 e6 3. Nc3 Bb4 4. Qc2 b6 5. a3 Bxc3+ 6. Qxc3 Bb7 7. Bg5 d6 8. f3 Nbd7 9. e4 c5 10. d5 exd5 11. cxd5 Nxe4 12. Qe3 Qxg5 13. Qxe4+ Kd8 14. Nh3 Qf6 15. 0-0-0 Kc7 16. f4 Rae8 17. Qf3 a6 18. Nf2 Qe7 19. Kb1 Qe3 20. Qxe3 Rxe3 21. Ng4 Re7 22. h4 h5 23. Nf2 Nf6 24. Rh3 Rhe8 25. Rhd3 Re1 26. Kc2 Rxd1 27. Rxd1 Nxd5 0-1

[Event "Groningen Harmonie op-A"]
[Site "Groningen"]
[Date "2007.12.28"]
[Round "7"]
[White "Cako, Laszlo"]
[Black "Goudriaan, Etienne"]
[Result "1-0"]
[WhiteElo "2168"]
[BlackElo "2123"]
[PlyCount "79"]
[EventDate "2007.12.21"]
[EventType "swiss"]
[EventRounds "9"]
[EventCountry "NED"]
[SourceTitle "CBM 121 Extra"]
[Source "ChessBase"]
[SourceDate "2008.01.10"]
[SourceVersion "1"]
[SourceVersionDate "2008.01.10"]
[SourceQuality "1"]

1. e4 c5 2. Nf3 d6 3. d4 cxd4 4. Nxd4 Nf6 5. Nc3 a6 6. Bd3 e5 7. Nf5 Bxf5 8. exf5 d5 9. 0-0 Be7 10. Re1 Nc6 11. Bg5 0-0 12. Bf1 d4 13. Bxf6 Bxf6 14. Ne4 Rc8 15. a3 Nb8 16. Bd3 Nd7 17. b4 Be7 18. Qf3 f6 19. Nd2 Rc7 20. Bc4+ Kh8 21. Re4 Re8 22. Qh5 Rxc4 23. Nxc4 Nf8 24. Qf7 g5 25. h4 Nd7 26. hxg5 Rf8 27. Qd5 b5 28. Na5 fxg5 29. Nc6 Qe8 30. Nxe7 Qxe7 31. Qxd4 Rxf5 32. Rd1 Nf6 33. Qd8+ Qxd8 34. Rxd8+ Kg7 35. Re2 e4 36. Rd6 Ng4 37. Rxe4 Nxf2 38. Re7+ Kf8 39. Rxh7 Ne4 40. Rd8# 1-0

[Event "Groningen Harmonie op-A"]
[Site "Groningen"]
[Date "2007.12.24"]
[Round "4"]
[White "Cako, Laszlo"]
[Black "Vinke, Andreas"]
[Result "0-1"]
[WhiteElo "2168"]
[BlackElo "2173"]
[PlyCount "78"]
[EventDate "2007.12.21"]
[EventType "swiss"]
[EventRounds "9"]
[EventCountry "NED"]
[SourceTitle "CBM 121 Extra"]
[Source "ChessBase"]
[SourceDate "2008.01.10"]
[SourceVersion "1"]
[SourceVersionDate "2008.01.10"]
[SourceQuality "1"]

1. e4 e6 2. d4 d5 3. Nc3 Bb4 4. e5 Ne7 5. a3 Bxc3+ 6. bxc3 b6 7. Nf3 Ba6 8. Bxa6 Nxa6 9. 0-0 Qd7 10. a4 Nb8 11. Qe2 Nbc6 12. c4 dxc4 13. Qxc4 Na5 14. Qe2 Qc6 15. Ba3 Nd5 16. Rfc1 Nc4 17. Bc5 bxc5 18. Qxc4 Rb8 19. Rab1 0-0 20. Rb5 Qa6 21. Rxc5 Qxc4 22. Rxc4 Rb2 23. Ne1 Rfb8 24. Nd3 Ra2 25. Kf1 Kf8 26. Ke1 Ke8 27. Nc5 Kd8 28. Kd1 a5 29. Nb3 Ra8 30. Ra1 Rxa1+ 31. Nxa1 Nb6 32. Rc3 Nxa4 33. Ra3 Nb2+ 34. Kc1 Nc4 35. Rf3 Ke7 36. Rc3 Nb6 37. Rxc7+ Ke8 38. Kb2 Rb8 39. Ra7 Nc8+ 0-1

[Event "Groningen Harmonie op-A"]
[Site "Groningen"]
[Date "2007.12.21"]
[Round "1"]
[White "Swinkels, Robin"]
[Black "Cako, Laszlo"]
[Result "1-0"]
[WhiteElo "2433"]
[BlackElo "2168"]
[PlyCount "65"]
[EventDate "2007.12.21"]
[EventType "swiss"]
[EventRounds "9"]
[EventCountry "NED"]
[SourceTitle "CBM 121 Extra"]
[Source "ChessBase"]
[SourceDate "2008.01.10"]
[SourceVersion "1"]
[SourceVersionDate "2008.01.10"]
[SourceQuality "1"]

1. e4 e5 2. Nf3 Nc6 3. Bb5 a6 4. Bxc6 dxc6 5. 0-0 f6 6. d4 exd4 7. Nxd4 c5 8. Ne2 Qxd1 9. Rxd1 Bd7 10. Be3 0-0-0 11. Nbc3 Bd6 12. Bf4 Bxf4 13. Nxf4 Ne7 14. f3 Nc6 15. Ncd5 Rde8 16. Nh5 Rhg8 17. Ne3 Be6 18. Kf2 Re7 19. Rd2 Rd8 20. Rxd8+ Kxd8 21. Nf4 Bg8 22. Rd1+ Ke8 23. Nf5 Rf7 24. Ne6 g6 25. Nh6 Re7 26. Nxc5 Bxa2 27. b3 Nb4 28. Ng8 Rf7 29. Nxb7 Kf8 30. Nh6 Re7 31. Ra1 Rd7 32. Ke2 c5 33. Na5 1-0

[Event "Groningen op"]
[Site "Groningen"]
[Date "2007.04.14"]
[Round "4"]
[White "Clemens, Adrian HP"]
[Black "Cako, Laszlo"]
[Result "1-0"]
[WhiteElo "2317"]
[BlackElo "2169"]
[PlyCount "71"]
[EventDate "2007.04.13"]
[EventType "swiss"]
[EventRounds "6"]
[EventCountry "NED"]
[SourceTitle "CBM 118 Extra"]
[Source "ChessBase"]
[SourceDate "2007.07.04"]
[SourceVersion "1"]
[SourceVersionDate "2007.07.04"]
[SourceQuality "1"]

1. d4 Nf6 2. c4 e6 3. Nf3 b6 4. g3 Ba6 5. Nbd2 Be7 6. Bg2 c6 7. 0-0 d5 8. b3 Nbd7 9. Bb2 Rc8 10. Rc1 0-0 11. Qc2 c5 12. Qb1 cxd4 13. Nxd4 Bb4 14. Rfd1 Nb8 15. N2f3 Qe7 16. Ne5 Bb7 17. cxd5 Nxd5 18. Qa1 a6 19. a3 Bd6 20. Nc4 Bc7 21. Nc2 f5 22. Ne1 b5 23. Ne5 Bb6 24. b4 Rxc1 25. Rxc1 f4 26. Bd4 fxg3 27. hxg3 Bxd4 28. Qxd4 Rd8 29. N1d3 a5 30. Qa7 axb4 31. axb4 Kf8 32. Be4 g6 33. Bxg6 Nxb4 34. Nxb4 Qc7 35. Qa1 Qd6 36. Nf7 1-0

[Event "Groningen op-A"]
[Site "Groningen"]
[Date "2006.12.28"]
[Round "6"]
[White "Pel, Bonno"]
[Black "Cako, Laszlo"]
[Result "0-1"]
[WhiteElo "2301"]
[BlackElo "2174"]
[PlyCount "118"]
[EventDate "2006.12.23"]
[EventType "swiss"]
[EventRounds "9"]
[EventCountry "NED"]
[SourceTitle "CBM 116 Extra"]
[Source "ChessBase"]
[SourceDate "2007.03.07"]
[SourceVersion "1"]
[SourceVersionDate "2007.03.07"]
[SourceQuality "1"]

1. Nc3 d5 2. e4 d4 3. Nce2 e5 4. Ng3 Be6 5. c3 c5 6. Bb5+ Nd7 7. Nf3 f6 8. Qe2 Qb6 9. a4 a6 10. Bc4 Qc6 11. Bxe6 Qxe6 12. d3 Ne7 13. 0-0 g6 14. Nd2 Bh6 15. a5 0-0 16. Nc4 Bxc1 17. Rfxc1 Nc6 18. Qd2 Rad8 19. Ne2 f5 20. cxd4 cxd4 21. b4 fxe4 22. dxe4 Rf7 23. Nb2 Qg4 24. Ng3 Qf4 25. Qe1 Na7 26. Rc7 Nb8 27. Rxf7 Qxf7 28. Nd3 Nbc6 29. Qd2 Nb5 30. h4 Nc3 31. h5 Rf8 32. hxg6 hxg6 33. Rf1 Qh7 34. Qg5 Qg7 35. f4 exf4 36. Nxf4 Ne5 37. Ne6 Rxf1+ 38. Nxf1 Ne2+ 39. Kf2 Qf7+ 40. Kxe2 d3+ 41. Ke3 Qxe6 42. Qd8+ Kg7 43. Qd5 Qe7 44. Qd4 Kh7 45. Kd2 Qg5+ 46. Ne3 Qf4 47. Kc3 Qg3 48. Kb3 Qe1 49. Qxe5 Qxe3 50. Qe7+ Kh6 51. Qh4+ Kg7 52. Qe7+ Kh6 53. Qf8+ Kg5 54. Qe7+ Kg4 55. Qe6+ Kg3 56. Qxg6+ Kf2 57. Qf6+ Ke2 58. Qd6 d2+ 59. Kc2 Qxe4+ 0-1

[Event "Groningen op-A"]
[Site "Groningen"]
[Date "2006.12.26"]
[Round "4"]
[White "Driessen, Wim"]
[Black "Cako, Laszlo"]
[Result "0-1"]
[WhiteElo "1974"]
[BlackElo "2174"]
[PlyCount "82"]
[EventDate "2006.12.23"]
[EventType "swiss"]
[EventRounds "9"]
[EventCountry "NED"]
[SourceTitle "CBM 116 Extra"]
[Source "ChessBase"]
[SourceDate "2007.03.07"]
[SourceVersion "1"]
[SourceVersionDate "2007.03.07"]
[SourceQuality "1"]

1. d4 Nf6 2. Bg5 e6 3. e4 h6 4. Bxf6 Qxf6 5. Nc3 g6 6. Qd2 Bg7 7. e5 Qd8 8. f4 a6 9. 0-0-0 d6 10. Nf3 Nd7 11. Kb1 b5 12. h4 h5 13. Ng5 d5 14. Bd3 Qe7 15. f5 gxf5 16. Bxf5 Bb7 17. Bh3 0-0-0 18. Rhf1 Rdf8 19. Rf2 Nb6 20. Rdf1 Nc4 21. Qe2 Qb4 22. Nd1 Bh6 23. c3 Qe7 24. Rxf7 Rxf7 25. Rxf7 Qe8 26. Qf2 Nd2+ 27. Ka1 Bxg5 28. hxg5 Ne4 29. Qf4 Nxg5 30. Rf6 Nxh3 31. gxh3 Kb8 32. Nf2 Rg8 33. a3 Rg1+ 34. Ka2 Qc6 35. Kb3 a5 36. Kc2 b4 37. axb4 Qa4+ 38. Kd2 Qb3 39. Ke2 Qxb2+ 40. Qd2 Ba6+ 41. Ke3 Rg3+ 0-1

[Event "Groningen op-A"]
[Site "Groningen"]
[Date "2006.12.24"]
[Round "2"]
[White "Dijkstra, Arjan"]
[Black "Cako, Laszlo"]
[Result "0-1"]
[WhiteElo "1954"]
[BlackElo "2174"]
[PlyCount "34"]
[EventDate "2006.12.23"]
[EventType "swiss"]
[EventRounds "9"]
[EventCountry "NED"]
[SourceTitle "CBM 116 Extra"]
[Source "ChessBase"]
[SourceDate "2007.03.07"]
[SourceVersion "1"]
[SourceVersionDate "2007.03.07"]
[SourceQuality "1"]

1. e4 e5 2. Nf3 Nc6 3. Bc4 Nf6 4. Ng5 d5 5. exd5 Na5 6. Bb5+ c6 7. dxc6 bxc6 8. Qf3 Rb8 9. Bd3 Bd6 10. Bf5 0-0 11. 0-0 h6 12. Ne4 Nxe4 13. Qxe4 Rb4 14. d4 Rxd4 15. Qf3 e4 16. Qh3 e3 17. f4 e2 0-1

[Event "Hoogeveen Essent op"]
[Site "Hoogeveen"]
[Date "2006.10.25"]
[Round "6"]
[White "Grooten, Herman"]
[Black "Cako, Laszlo"]
[Result "1-0"]
[WhiteElo "2387"]
[BlackElo "2174"]
[PlyCount "53"]
[EventDate "2006.10.21"]
[EventType "swiss"]
[EventRounds "9"]
[EventCountry "NED"]
[SourceTitle "EXT 2007"]
[Source "ChessBase"]
[SourceDate "2006.11.23"]
[SourceVersion "1"]
[SourceVersionDate "2006.11.23"]
[SourceQuality "1"]

1. d4 Nf6 2. c4 e6 3. Nf3 b6 4. a3 Bb7 5. Nc3 d5 6. Bg5 Be7 7. Bxf6 Bxf6 8. cxd5 exd5 9. Qa4+ c6 10. g3 0-0 11. Bg2 Re8 12. 0-0 Nd7 13. Rad1 a5 14. Qc2 b5 15. Rfe1 Nb6 16. e4 b4 17. e5 Be7 18. axb4 axb4 19. Ne2 Nc4 20. Nf4 Ra2 21. e6 f6 22. Rb1 Bd6 23. Bf1 Ba6 24. Bd3 Bxf4 25. Bxh7+ Kf8 26. Nh4 Ne5 27. Rxe5 1-0